000 06154cam a22014174i 4500
003 PE-LiUPU
005 20250813185601.0
008 150706s r 000 0 d
035 _a(Sirsi) a49447
040 _aPE-LiUPU
_bspa
_cPE-LiUPU
_erda
049 _aPRUA
082 0 4 _a378.85
_bEUP
_221
082 0 4 _a378.3
_bG71 1 2005
_221
100 1 _aGonzález De La Cuba, José Raúl,
_eautor.
245 1 3 _aEl financiamiento de la educación superior en el Perú /
_cJosé Raúl González de la Cuba.
250 _a1ra ed. 2005
264 1 _aLima :
_bAsamble Nacional de Rectores,
_c2005.
300 _a53 páginas ;
_c23 cm.
336 _atext
_2rdacontent
337 _aunmediated
_2rdamedia
338 _avolume
_2rdacarrier
490 0 _aEstudios sobre la Educación Universitaria Peruana
505 0 _aPresupuesto de las Universidades Públicas -- Presupuesto de las Universidades Públicas según Objeto del gasto -- Las fuentes de financiamiento de las Universidades Púbicas -- El presupuesto público por Universidad -- El Proceso de asignación de recursos a la Universidad Pública -- Presupuesto de las Universidades Públicas en el Contexto Global -- El financiamiento de las Universidades No Estatales -- Becas y Créditos Educativo -- Remuneraciones docentes -- Financiamiento de la Investigación Científica en Universidades -- Financiamiento de la de la Educación Superior No Universitaria.
526 _aP202
526 _aP201
526 _aP163
526 _aP162
526 _aP161
526 _aP160
526 _aP148
526 _aP147
526 _aP146
526 _aP145
526 _aP144
526 _aP143
526 _aP142
526 _aP141
526 _aP140
526 _aP139
526 _aP138
526 _aP137
526 _aP136
526 _aP135
526 _aP134
526 _aP133
526 _aP129
526 _aP128
526 _aP127
526 _aP120
526 _aP119
526 _aP118
526 _aP116
526 _aP115
526 _aP114
526 _aP110
526 _aP109
526 _aP108
526 _aP104
526 _aP103
526 _aP102
526 _aP99
526 _aP98
526 _aP97
526 _aP96
526 _aP95
526 _aP93
526 _aP90
526 _aP89
526 _aP88
526 _aP83
526 _aP82
526 _aP62
526 _aP59
526 _aP58
526 _aP57
526 _aP51
526 _aP49
526 _aP48
526 _aP47
526 _aP29
526 _aP24
526 _aP20
526 _aP19
526 _aP17
526 _aP15
526 _aP14
526 _aP12
526 _aP10
526 _aP09
526 _aP08
526 _aP07
526 _aP06
526 _aP05
526 _aP04
526 _aP01
541 _g001-00003175;
650 0 4 _aEducación superior
_xFinanzas
_zPerú.
910 _bjv
_cng
_d20110404
910 _btqv
_caic
_d20170113
942 _2ddc
_cBOOK
949 _a378.85 EUP 1
_wDEWEY
_c1
_i62708
_lCCODEBUL1
_mBUL
_p10.00
_r0
_sY
_tLIBRO
_u2015-07-06
_xBIBLIOTECA
_zUNKNOWN
_o.STAFF. Colección General
949 _a378.85 EUP 1
_wDEWEY
_c2
_i62707
_lCCODEBUL1
_mBUL
_p10.00
_r0
_sY
_tLIBRO
_u2015-07-06
_xBIBLIOTECA
_zUNKNOWN
_o.STAFF. Colección General
949 _a378.3 G71 1 2005
_wDEWEY
_c1
_iFJ05318
_lCCODEBUJ1
_mBUJ
_p10.00
_r0
_sY
_tBOOK
_u2017-01-13
_xBIBLIOTECA
_zUNKNOWN
_0COMPRA
_o.STAFF. Colección General Juliaca
949 _a378.3 G71 1 2005
_wDEWEY
_c2
_iFJ05319
_lCCODEBUJ1
_mBUJ
_p10.00
_r0
_sY
_tBOOK
_u2017-01-13
_xBIBLIOTECA
_zUNKNOWN
_0COMPRA
_o.STAFF. Colección General Juliaca
949 _a378.3 G71 1 2005
_wDEWEY
_c3
_iFJ05320
_lCCODEBUJ1
_mBUJ
_p10.00
_r0
_sY
_tBOOK
_u2017-01-13
_xBIBLIOTECA
_zUNKNOWN
_0COMPRA
_o.STAFF. Colección General Juliaca
949 _a378.3 G71 1 2005
_wDEWEY
_c4
_iFJ05321
_lCCODEBUJ1
_mBUJ
_p10.00
_r0
_sY
_tBOOK
_u2017-01-13
_xBIBLIOTECA
_zUNKNOWN
_0COMPRA
_o.STAFF. Colección General Juliaca
949 _a378.3 G71 1 2005
_wDEWEY
_c5
_iFJ05322
_lCCODEBUJ1
_mBUJ
_p10.00
_r0
_sY
_tBOOK
_u2017-01-13
_xBIBLIOTECA
_zUNKNOWN
_0COMPRA
_o.STAFF. Colección General Juliaca
949 _a378.3 G71 1 2005
_wDEWEY
_c6
_iFJ05323
_lCCODEBUJ1
_mBUJ
_p10.00
_r0
_sY
_tBOOK
_u2017-01-13
_xBIBLIOTECA
_zUNKNOWN
_0COMPRA
_o.STAFF. Colección General Juliaca
994 _aC0
_bPEPRU
596 _a1 3
999 _a378.85 EUP 1
_wDEWEY
_c51794
_i62708
_d51794
_e2019-3-8
_f2021-11-8
_g5
_lCCODEBUL1
_mBUL
_n2
_p10.00
_r0
_sY
_tBOOK
_u2015-7-6
_xEDUCACION
_zUNKNOWN
_0COMPRA
_o.STAFF. Colección General
999 _a378.85 EUP 1
_wDEWEY
_c2
_i62707
_d2019-4-23
_e2019-4-12
_f2021-11-8
_g5
_lCCODEBUL1
_mBUL
_n3
_p10.00
_r0
_sY
_tBOOK
_u2015-7-6
_xEDUCACION
_zUNKNOWN
_0COMPRA
_o.STAFF. Colección General
999 _a378.3 G71 1 2005
_wDEWEY
_c1
_iFJ05318
_f2022-1-18
_g2
_lCCODEBUJ1
_mBUJ
_p10.00
_r0
_sY
_tBOOK
_u2017-1-13
_xBIBLIOTECA
_zUNKNOWN
_0COMPRA
_o.STAFF. Colección General Juliaca
999 _a378.3 G71 1 2005
_wDEWEY
_c2
_iFJ05319
_f2022-1-18
_g2
_lCCODEBUJ1
_mBUJ
_p10.00
_r0
_sY
_tBOOK
_u2017-1-13
_xBIBLIOTECA
_zUNKNOWN
_0COMPRA
_o.STAFF. Colección General Juliaca
999 _a378.3 G71 1 2005
_wDEWEY
_c3
_iFJ05320
_f2022-1-18
_g2
_lCCODEBUJ1
_mBUJ
_p10.00
_r0
_sY
_tBOOK
_u2017-1-13
_xBIBLIOTECA
_zUNKNOWN
_0COMPRA
_o.STAFF. Colección General Juliaca
999 _a378.3 G71 1 2005
_wDEWEY
_c4
_iFJ05321
_f2022-1-18
_g2
_lCCODEBUJ1
_mBUJ
_p10.00
_r0
_sY
_tBOOK
_u2017-1-13
_xBIBLIOTECA
_zUNKNOWN
_0COMPRA
_o.STAFF. Colección General Juliaca
999 _a378.3 G71 1 2005
_wDEWEY
_c5
_iFJ05322
_f2017-12-28
_g1
_lCCODEBUJ1
_mBUJ
_p10.00
_r0
_sY
_tBOOK
_u2017-1-13
_xBIBLIOTECA
_zUNKNOWN
_0COMPRA
_o.STAFF. Colección General Juliaca
999 _a378.3 G71 1 2005
_wDEWEY
_c6
_iFJ05323
_f2017-12-28
_g1
_lCCODEBUJ1
_mBUJ
_p10.00
_r0
_sY
_tBOOK
_u2017-1-13
_xBIBLIOTECA
_zUNKNOWN
_0COMPRA
_o.STAFF. Colección General Juliaca
980 _81
_gALBERTO SANCHEZ Responsable de Automatización